|
|
|
|
| LEADER |
00000nam0a2200000 4500 |
| 001 |
277864 |
| 005 |
20231101235045.0 |
| 035 |
|
|
|a (RuTPU)RU\TPU\book\301141
|
| 090 |
|
|
|a 277864
|
| 100 |
|
|
|a 20141206d1982 km y0rusy5003 ca
|
| 101 |
0 |
|
|a rus
|
| 102 |
|
|
|a RU
|
| 105 |
|
|
|a a z 001zy
|
| 200 |
1 |
|
|a Современное искусство арабского народа Палестины
|f А. Ф. Бердников, Е. А. Сердюк
|
| 210 |
|
|
|a Москва
|c Искусство
|d 1986
|
| 215 |
|
|
|a 218 с.
|c ил.
|
| 225 |
1 |
|
|a Очерки истории и теории изобразительных искусств
|
| 300 |
|
|
|a На пер. авт. не указаны.
|
| 320 |
|
|
|a Библиогр.: с. 218
|
| 606 |
1 |
|
|a Восточное искусство
|2 stltpush
|3 (RuTPU)RU\TPU\subj\68557
|9 83786
|
| 606 |
1 |
|
|a Декоративно-прикладное искусство
|2 stltpush
|3 (RuTPU)RU\TPU\subj\9017
|9 36311
|
| 610 |
1 |
|
|a изобразительное искусство
|
| 610 |
1 |
|
|a арабское искусство
|
| 610 |
1 |
|
|a Палестина
|
| 610 |
1 |
|
|a 19 век
|
| 610 |
1 |
|
|a 20 век
|
| 610 |
1 |
|
|a живопись
|
| 610 |
1 |
|
|a графика
|
| 675 |
|
|
|a 7.032.1
|z rus
|v 4
|
| 675 |
|
|
|a 745
|z rus
|v 4
|
| 700 |
|
1 |
|a Бердников
|b А. Ф.
|g Александр Федорович
|4 070
|
| 701 |
|
1 |
|a Сердюк
|b Е.А.
|g Елена Анатольевна
|4 070
|
| 801 |
|
0 |
|a RU
|b RuMRKP
|c 19950704
|g psbo
|
| 801 |
|
1 |
|a RU
|b 63413507
|c 20141206
|
| 801 |
|
2 |
|a RU
|b 63413507
|c 20170407
|g RCR
|
| 942 |
|
|
|c BK
|